000 01102pam a2200277 a 4500
001 000018394
005 20200929165505.0
008 890403s1990 enk 001 0 eng
010 _a89009242
020 _a0192141066 :
_c$27.00
040 _aDO-SdBNP
_cDLC
_dDLC
050 0 0 _aPR1285
_b.O94 1990
245 0 4 _aThe Oxford book of humorous prose :
_bfrom William Caxton to P.G. Wodehouse : a conducted tour /
_c[chosen and edited] by Frank Muir.
260 _aOxford ;
_aNew York :
_bOxford University Press,
_c1990.
300 _axxxiv, 1162 p. ;
_c25 cm.
500 _aIncludes index.
650 0 _aEnglish prose literature.
_939831
650 0 _aAmerican prose literature.
_939832
650 0 _aEnglish wit and humor.
_939833
650 0 _aAmerican wit and humor.
_939834
700 1 _aMuir, Frank.
_939835
856 4 2 _3Publisher description
_uhttp://www.loc.gov/catdir/enhancements/fy0640/89009242-d.html
856 4 2 _3Contributor biographical information
_uhttp://www.loc.gov/catdir/enhancements/fy0726/89009242-b.html
910 _aCatalogación por derivada / LC
082 0 0 _a828/.08
_220
999 _c17915
_d17915